000 00216 a2200097 4500
001 32904
100 _aTahir Daud
245 _aSafar Zindagi ha [Urdu]
260 _aLahore
_bFeroz Sons
_c1999
090 _c22059
_d22059
942 _aNUST-CAE
_cM
_c13402
999 _c267977
_d267977